书目信息 |
| 题名: |
生意兴隆之谜:中国发展第三产业操作经验集粹
|
|
| 作者: | 中外第三产业编辑部 编 | |
| 分册: | ||
| 出版信息: | 北京 中国发展出版社 1994.02 |
|
| 页数: | 164页 | |
| 开本: | 32开 | |
| 丛书名: | ||
| 单 册: | ||
| 中图分类: | F716 | |
| 科图分类: | ||
| 主题词: | 商业经济--国内 | |
| 电子资源: | ||
| ISBN: | 7-80087-142-8 | |
| 000 | 00674nam0 2200193 45 | |
| 001 | 0006111520 | |
| 005 | 20000611152953.5 | |
| 010 | @a7-80087-142-8@d5.80元 | |
| 100 | @a20000611d1994 km y0chiy0120 ea | |
| 101 | 0 | @achi |
| 105 | @a z 000yy | |
| 200 | 1 | @a生意兴隆之谜:中国发展第三产业操作经验集粹@ASheng Yi Xing Long Zhi Mi:Zhong Guo Fa Zhan Di San Chan Ye Cao Zuo Jing Yan Ji Cui@f中外第三产业编辑部编@FZhong Wai Di San Chan Ye Bian Ji Bu Bian |
| 210 | @a北京@c中国发展出版社@d1994.02 | |
| 215 | @a164页@d32开 | |
| 606 | 0 | @a商业经济@x国内 |
| 690 | @aF716@v3 | |
| 701 | 0 | @a中外第三产业编辑部@4编 |
| 801 | @aCN@bPftUser@c20000611 | |
| 905 | @b203025-027@dF716@eZH521@f3 | |
| 生意兴隆之谜:中国发展第三产业操作经验集粹/中外第三产业编辑部编.-北京:中国发展出版社,1994.02 |
| 164页;32开 |
| ISBN 7-80087-142-8:5.80元 |
| ● |
| 相关链接 |
|
|
|
正题名:生意兴隆之谜:中国发展第三产业操作经验集
索取号:F716/ZH521
 
预约/预借
| 序号 | 登录号 | 条形码 | 馆藏地/架位号 | 状态 | 备注 |
| 1 | 203025 | 202030257 | 社科库409/422社科库 35排1列2层/ [索取号:F716/ZH521] | 在馆 | |
| 2 | 203026 | 202030266 | 社科库409/409社科库 45排6列4层/ [索取号:F716/ZH521] | 在馆 | |
| 3 | 203027 | 202030275 | 社科库409/409社科库 27排2列1层/ [索取号:F716/ZH521] | 在馆 |